<?xml version="1.0" encoding="UTF-8"?>
<marc:record xmlns:marc="http://www.loc.gov/MARC21/slim">
   <marc:leader>00000nam a2200000 a 4500</marc:leader>
   <marc:datafield ind1="1" ind2=" " tag="100">
      <marc:subfield code="a">Mosmiller, Floridus</marc:subfield>
   </marc:datafield>
   <marc:datafield ind1="1" ind2=" " tag="100">
      <marc:subfield code="a">Hueber, Fortunatus</marc:subfield>
   </marc:datafield>
   <marc:datafield ind1="1" ind2=" " tag="100">
      <marc:subfield code="a">Mayr, Benno</marc:subfield>
   </marc:datafield>
   <marc:datafield ind1="1" ind2=" " tag="100">
      <marc:subfield code="a">Carolus Franciscus &lt;de Varesio&gt;</marc:subfield>
   </marc:datafield>
   <marc:datafield ind1="1" ind2=" " tag="100">
      <marc:subfield code="a">PellKhofen, Vitus Adamus a</marc:subfield>
   </marc:datafield>
   <marc:datafield ind1=" " ind2="1" tag="264">
      <marc:subfield code="c">1743</marc:subfield>
   </marc:datafield>
   <marc:datafield ind1="1" ind2=" " tag="520">
      <marc:subfield code="a">Vermerk Vortitelbl.: Comparatus pro Missione Hallstadiensi Anno 1745, Stempel am Titelbl. und Vortitelbl.: Bibliotheca Convent. P. P. Capuc. Gmundae; ill. Initialen, Verzierungen und Zierkupferstiche im Text; gelblicher Schweinsledereinband auf Buchdeckeln aus Holz, Leder der Buchdeckel mit Streicheisenlinien, fleuralen Bordüren und fleuralen Einzelelementen verziert, Buchrücken mit 3 Bünden, Linienverzierungen ober- und unterhalb der Bünde, Signaturschild "F", 2 Metallschließen mit Lederscharnieren (Metallhaken fehlen), türkise Schnittkante, ein weißes Signakel aus Papier.</marc:subfield>
   </marc:datafield>
   <marc:datafield ind1=" " ind2=" " tag="500">
      <marc:subfield code="a">Titelbl. in Rot- und Schwarzdr. - Bibliogr. Nachweis: VD18 80508553-001</marc:subfield>
   </marc:datafield>
   <marc:datafield ind1="0" ind2=" " tag="490">
      <marc:subfield code="v">1.</marc:subfield>
   </marc:datafield>
   <marc:datafield ind1=" " ind2=" " tag="300">
      <marc:subfield code="a">[10] Bl., 440 S., [22] Bl. : Ill.</marc:subfield>
   </marc:datafield>
</marc:record>
